Top Yoghurt-Producing Countries - Statistics

General Stats
  • This quiz has been taken 52 times
  • The average score is 4 of 10
Answer Stats
Tonnes Country % Correct
11k Turkey
84%
194k Saudi Arabia
60%
1k Israel
58%
5k Syria
53%
7k Indonesia
44%
15k Thailand
33%
3k Vietnam
33%
39k Mongolia
27%
13k Uruguay
7%
2k Togo
2%
No matching quizzes found
Score Distribution
Percent of People with Each Score
Percentile by Number Answered
Your Score History
You have not taken this quiz